书目信息 |
| 题名: |
可编程序控制器实用技术
|
|
| 作者: | 王兆义 , 程志华 编 | |
| 分册: | ||
| 出版信息: | 北京 机械工业出版社 2019.02 |
|
| 页数: | 308页 | |
| 开本: | 26cm | |
| 丛书名: | ||
| 单 册: | ||
| 中图分类: | TM571.61 | |
| 科图分类: | ||
| 主题词: | 可编程序控制器--ke bian cheng xu kong zhi qi--基本知识 | |
| 电子资源: | ||
| ISBN: | 978-7-111-61439-5 | |
| 000 | 01350nam0 2200313 450 | |
| 001 | CAL 0120192688254 | |
| 005 | 20190316125828.2 | |
| 010 | @a978-7-111-61439-5@dCNY49.80 | |
| 100 | @a20190314d2019 em y0chiy50 ea | |
| 101 | 0 | @achi |
| 102 | @aCN@b110000 | |
| 105 | @aak a 000yy | |
| 106 | @ar | |
| 200 | 1 | @a可编程序控制器实用技术@Ake bian cheng xu kong zhi qi shi yong ji shu@f王兆义, 程志华编@Fwang zhao yi , cheng zhi hua bian |
| 205 | @a第3版 | |
| 210 | @a北京@c机械工业出版社@d2019.02 | |
| 215 | @a308页@c图@d26cm | |
| 312 | @a英文题名取自封面 | |
| 320 | @a有书目 (第308页) | |
| 330 | @a本书从工程应用出发, 结合教学需要, 以小型PLC为蓝本, 以在国内应用量大面广的三菱电机系列为主线, 内容全面转向FX3、iQ-FX5机型。介绍了三菱小型PLC FX3U和西门子小型PLC S7-200 SMART的工作原理、系统配置、指令系统及编程、通信网络及系统设计方法。书中给出了大量工程应用实例, 每章后面附有习量及思考题, 书末给出了两种机型的实验指导书。该书语言简炼, 通俗易懂, 书中有许多编程实例。 | |
| 333 | @a普通高等教育电气工程自动化系列规划教材 | |
| 510 | 1 | @aPractical technology o PLC@zeng |
| 586 | @a | |
| 606 | 0 | @a可编程序控制器@Ake bian cheng xu kong zhi qi@x基本知识 |
| 690 | @aTM571.61@v5 | |
| 701 | 0 | @a王兆义@Awang zhao yi@4编 |
| 701 | 0 | @a程志华@Acheng zhi hua@4编 |
| 801 | 0 | @aCN@c20190314 |
| 905 | @a河南城建学院图书馆@dTM571.61@eW458=3@f2 | |
| 可编程序控制器实用技术/王兆义, 程志华编.-第3版.-北京:机械工业出版社,2019.02 |
| 308页:图;26cm |
| 使用对象:普通高等教育电气工程自动化系列规划教材 |
| ISBN 978-7-111-61439-5:CNY49.80 |
| 本书从工程应用出发, 结合教学需要, 以小型PLC为蓝本, 以在国内应用量大面广的三菱电机系列为主线, 内容全面转向FX3、iQ-FX5机型。介绍了三菱小型PLC FX3U和西门子小型PLC S7-200 SMART的工作原理、系统配置、指令系统及编程、通信网络及系统设计方法。书中给出了大量工程应用实例, 每章后面附有习量及思考题, 书末给出了两种机型的实验指导书。该书语言简炼, 通俗易懂, 书中有许多编程实例。 |
| ● |
| 相关链接 |
|
|
|
正题名:可编程序控制器实用技术
索取号:TM571.61/W458=3
 
预约/预借
| 序号 | 登录号 | 条形码 | 馆藏地/架位号 | 状态 | 备注 |
| 1 | 1416212 | 214162127 | 自科库301/301自科库 14排1列3层/ [索取号:TM571.61/W458=3] | 在馆 | |
| 2 | 1416213 | 214162136 | 自科库301/301自科库 14排1列3层/ [索取号:TM571.61/W458=3] | 在馆 |